02472nam a2200277 a 4500001001500000005001700015008004100032020003500073020003000108040000600138050001100144082001100155245012100166260003700287300002100324490004100345520151500386650007201901650001601973650002001989650001902009650001902028700002402047830004102071856008202112ASIN140943738820170105102911.0131029s2012 xxu eng d a1409437388 (hardcover)c$99.95 a9781409437383 (hardcover) a004aJZ630004a327.1710aPost-conflict disarmament, demobilization and reintegration :bbringing state-building back in /cAntonio Giustozzi. a[S.l.] :bAshgate Pub Co,c2012. a142 p. ;c24 cm.1 aGlobal security in a changing world. aThis book revisits post-Cold War Disarmament Disintegration and Reintegration (DDR) programmes in the light of previous experiences of disarmament, demobilisation and reintegration. In the history of North America and Europe, in particular, such programmes had a major impact on state-building, contributing to the development of the welfare state, shaping political settlements and directing government policy to maintain social peace. The authors in this important book ask what is left of these state-building dimensions in contemporary DDR programmes and whether the constraints imposed by international organisations on DDR programmes have more negative effects than positive ones. The role of political leadership in DDR processes is highlighted: can bureaucratically-driven processes deliver success? Only if political elites take full control and manage DDR programmes can there be a lasting impact on state-building. Even then, most political elites avoid deep changes in their relationship with the veterans. Is there a chance of reshaping international intervention in such a way as to favour the development of a 'social contract' between political elites and veterans? In taking a historical perspective, this book is unique in the existing literature on DDR and will be essential reading for policy makers, students and scholars of conflict studies, and those working in NGOs, particularly donor agencies. This volume was produced with the contribution of the Crisis States Research Centre (LSE). 0aConfidence and security building measures (International relations) 0aDisarmament 0aNation-building 0aPeace-building 0aWorld politics1 aGiustozzi, Antonio. 0aGlobal security in a changing world.403Amazon.comuhttp://www.amazon.com/exec/obidos/ASIN/1409437388/chopaconline-20